00387nam a2200157Ia 45000010006000000050017000060080041000230410008000640820013000721000028000852450078001132600009001913000013002006500008002136540008002211098520260306161912.0260306t2002||||xx |||||||||||||| ||spa|| aESP a985bL31 aLavallé, BernardeAUT 0aAl filo de la navaja:bluchas y derivas caciquiles en Latacunga 1730-1790 c2002 ac21 cm. aGEN aCHU